| 000 | 00000nam 2200000za 4500 |
| 001 | 9.859692 |
| 003 | CaOODSP |
| 005 | 20250206125414 |
| 007 | cr ||||||||||| |
| 008 | 180727s2018 onc o f000 0 ara d |
| 040 | |aCaOODSP|bfre |
| 043 | |an-cn--- |
| 086 | 1 |aA104-143/5-2018Ara-PDF|zA104-143/5-2018Ar-PDF |
| 245 | 00|a[Fiche d'information - délivrance de licences aux entreprises alimentaires] |h[ressource électronique] : |b[Règlement sur la salubrité des aliments au Canada]. |
| 250 | |a[Édition arabe]. |
| 260 | |a[Ottawa] : |bAgence canadienne d'inspection des aliments, |c[2018] |
| 300 | |a[2] p. |
| 500 | |aTitre français fourni par l’éditeur. |
| 500 | |aAussi publié en français sous le titre : Fiche d'information - délivrance de licences aux entreprises alimentaires : Règlement sur la salubrité des aliments au Canada. |
| 500 | |3Publié aussi en anglais, chinois simplifié, chinois traditionnel, allemand, hindi, portugais, punjabi, espagnol, thaï et turc. |
| 520 | |aAux termes du Règlement sur la salubrité des aliments au Canada (RSAC), les entreprises alimentaires devront détenir une licence en fonction de leurs activités. Les entreprises alimentaires qui mènent une des activités suivantes doivent obtenir une licence : importer des aliments; fabriquer, transformer, traiter, conserver, classifier, emballer ou étiqueter des aliments exportés ou vendus dans plus d’une province ou d’un territoire ; exporter des aliments qui nécessitent un certificat d'exportation – même si elles n'en effectuent pas le conditionnement; abattre des animaux pour alimentation humaine dont les produits de viande sont exportés ou vendus dans plus d’une province ou d’un territoire; entreposer et manipuler un produit de viande dans son état d'importation aux fins d'inspection par l'Agence canadienne d'inspection des aliments (ACIA). |
| 546 | |aTexte en arabe. |
| 692 | 07|2gccst|aSalubrité des aliments |
| 692 | 07|2gccst|aRèglements |
| 692 | 07|2gccst|aAttribution de permis |
| 710 | 2 |aAgence canadienne d'inspection des aliments. |
| 775 | 08|tFiche d'information - délivrance de licences aux entreprises alimentaires |w(CaOODSP)9.859682 |
| 791 | |t[Fact sheet - licensing of food businesses] |eeng|w(CaOODSP)9.859687 |
| 856 | 40|qPDF|s140 Ko|uhttps://publications.gc.ca/collections/collection_2018/acia-cfia/A104-143-5-2018-ara.pdf |